| 000 | 00000nam 2200000za 4500 |
| 001 | 9.800821 |
| 003 | CaOODSP |
| 005 | 20221107134700 |
| 007 | cr ||||||||||| |
| 008 | 150615s2015llllxxc |o||||f00| ||fre d |
| 020 | |a9780660023373 |
| 040 | |aCaOODSP|bfre |
| 043 | |an-cn--- |
| 086 | 1 |aFA3-95/2015F-PDF |
| 110 | 1 |aCanada. |bBureau du vérificateur général. |
| 245 | 10|aRapport du vérificateur général du Canada au Sénat du Canada |h[ressource électronique] : |bles dépenses des sénateurs. |
| 260 | |aOttawa : |bBureau du vérificateur général du Canada,|c2015. |
| 300 | |aiii, 130 p. :|btableaux. |
| 500 | |aPubl. aussi en anglais sous le titre : Report of the Auditor General of Canada to the Senate of Canada : Senators' expenses. |
| 692 | 07|2gccst|aSénateur |
| 775 | 08|tReport of the Auditor General of Canada to the Senate of Canada |w(CaOODSP)9.800820 |
| 776 | 0#|tRapport du vérificateur général du Canada au Sénat du Canada : |w(CaOODSP)9.800817 |
| 856 | 40|qPDF|s1.44 Mo|uhttps://publications.gc.ca/collections/collection_2015/bvg-oag/FA3-95-2015-fra.pdf |